[Event "DEM U16 2023"]
[Site "Willingen GER"]
[Date "2023.05.28"]
[Round "1"]
[White "Prieb, Robert"]
[Black "Petrovskiy, Vadim"]
[Result "1/2-1/2"]
[Termination "normal"]
[Board "1"]
[WhiteTitle "CM"]
[BlackTitle "IM"]
[WhiteElo "2113"]
[BlackElo "2417"]
[WhiteClock "01:00:13"]
[BlackClock "01:09:22"]
[PlyCount "108"]
[WhiteFideId "16212002"]
[BlackFideId "14165210"]
[EventCountry "GER"]
[EventRounds "9"]
[EventType "swiss"]
[EventDate "2023.05.27"]

1. d4 {[%emt 0:00:03]} 1... Nf6 {[%emt 0:00:06]} 2. c4 {[%emt 0:00:12]} 2... e6
{[%emt 0:00:05]} 3. Nf3 {[%emt 0:00:16]} 3... d5 {[%emt 0:00:07]} 4. Nc3 {[%emt
0:00: 18]} 4... dxc4 {[%emt 0:00:07]} 5. e4 {[%emt 0:02:59]} 5... b5 6. e5 Nd5
7. Nxb5 Nb6 8. Bg5 {[%emt 0:03:14]} 8... Qd7 {[%emt 0:07:23]} 9. Nc3 {[%emt
0:01:28]} 9... Nc6 {[%emt 0: 04:45]} 10. Be2 {[%emt 0:02:21]} 10... Bb7 {[%emt
0:07:32]} 11. O-O {[%emt 0:03:34]} 11... Rb8 {[%emt 0:00:35]} 12. Rc1 {[%emt
0:06:50]} 12... h6 {[%emt 0:04:57]} 13. Be3 {[%emt 0:01:44]} 13... Be7 {[%emt
0:01:23]} 14. Nd2 {[%emt 0:14:34]} 14... Nxd4 {[%emt 0:01: 26]} 15. Bxd4 Qxd4
16. Nxc4 Qxd1 17. Rfxd1 Bg5 18. Rc2 O-O 19. g3 Rfd8 20. f4 Be7 21. Rcd2 Nd5 22.
Nxd5 exd5 23. Bf3 Bb4 24. Rc2 Ba8 25. Ne3 c6 26. Nf5 Bf8 27. e6 fxe6 28. Nd4
Re8 29. Re1 c5 30. Nxe6 d4 31. Bh5 d3 32. Bxe8 dxc2 33. Bg6 Rxb2 34. Nxf8 Rb1
35. Rxb1 cxb1=Q+ 36. Bxb1 Kxf8 37. Kf2 Ke7 38. Ke3 Bd5 39. Kd3 Kf6 40. Ke3 Be6
41. a3 Bf5 42. Bxf5 Kxf5 43. h3 h5 44. Kf3 Ke6 45. Ke4 g6 46. a4 a5 47. g4 h4
48. f5+ gxf5+ 49. gxf5+ Kf6 50. Kd5 Kxf5 51. Kxc5 Kf4 52. Kd4 Kg3 53. Ke3 Kxh3
54. Kf3 Kh2 1/2-1/2

[Event "DEM U16 2023"]
[Site "Willingen GER"]
[Date "2023.05.28"]
[Round "1"]
[White "von Mettenheim, Johannes"]
[Black "Peglau, Charis"]
[Result "1-0"]
[Termination "normal"]
[Board "2"]
[BlackTitle "WFM"]
[WhiteElo "2329"]
[BlackElo "2114"]
[PlyCount "67"]
[WhiteFideId "16244818"]
[BlackFideId "16219996"]
[EventCountry "GER"]
[EventRounds "9"]
[EventType "swiss"]
[EventDate "2023.05.27"]

{normal} 1. d4 1... Nf6 2. c4 e6 3. Nf3 d5 4. g3 Bb4+ 5. Bd2 Bd6 6. Bg2 O-O 7.
O-O c6 8. Nc3 Nbd7 9. Bf4 Bxf4 10. gxf4 dxc4 11. a4 Nd5 12. e3 a5 13. Nd2 N7b6
14. Qe2 f5 15. Nxc4 Nxc4 16. Qxc4 Qh4 17. h3 Rf6 18. Ne2 g5 19. fxg5 Qxg5 20.
Kh2 Rg6 21. Bf3 Qh4 22. Qc2 Nf6 23. Nf4 Rg7 24. Rg1 Ng4+ 25. Bxg4 fxg4 26. Rg3
Bd7 27. Rag1 h5 28. Qc5 Rf8 29. Qxa5 b5 30. axb5 cxb5 31. Qc7 Rf5 32. f3 Qf6
33. fxg4 hxg4 34. Rxg4 1-0

[Event "DEM U16 2023"]
[Site "Willingen GER"]
[Date "2023.05.28"]
[Round "1"]
[White "Foerster-Yialamas, Lucas"]
[Black "Zhou, Lepu Coco"]
[Result "0-1"]
[Termination "normal"]
[Board "4"]
[WhiteTitle "CM"]
[WhiteElo "2151"]
[BlackElo "2001"]
[WhiteClock "00:34:43"]
[BlackClock "01:00:20"]
[PlyCount "62"]
[WhiteFideId "30901774"]
[BlackFideId "16217136"]
[EventCountry "GER"]
[EventRounds "9"]
[EventType "swiss"]
[EventDate "2023.05.27"]

1. e4 {[%emt 0:00:01]} 1... e6 {[%emt 0:00:09]} 2. d4 {[%emt 0:00:04]} 2... d5
{[%emt 0: 00:06]} 3. Nc3 {[%emt 0:00:04]} 3... Nf6 {[%emt 0:00:09]} 4. e5
{[%emt 0:00:03]} 4... Nfd7 {[%emt 0:00:08]} 5. f4 {[%emt 0:00:05]} 5... c5
{[%emt 0:00:19]} 6. Nf3 {[%emt 0:00:05]} 6... Nc6 {[%emt 0:00:14]} 7. Be3
{[%emt 0:00:04]} 7... Be7 {[%emt 0:00: 13]} 8. Qd2 {[%emt 0:00:05]} 8... O-O
{[%emt 0:02:25]} 9. dxc5 Qa5 10. O-O-O {[%emt 0:02:34]} 10... b6 11. Bb5 Nb4
12. a3 12... bxc5 {[%emt 0:00:31]} 13. Kb1 {[%emt 0: 00:05]} 13... Rb8 {[%emt
0:03:57]} 14. axb4 {[%emt 0:17:49]} 14... cxb4 {[%emt 0:08:59]} 15. Nxd5 {[%emt
0:00:13]} 15... exd5 {[%emt 0:00:11]} 16. Bxd7 {[%emt 0:04:56]} 16... Bxd7
{[%emt 0:00:07]} 17. Qxd5 {[%emt 0:00:04]} 17... Bb5 {[%emt 0:06:32]} 18. Nd4
{[%emt 0:07:56]} 18... b3 19. Nxb3 {[%emt 0:01:57]} 19... Qa6 {[%emt 0:00:12]}
20. Nc5 Bxc5 21. Bxc5 {[%emt 0:39:53]} 21... Bc4 22. Qd4 Rfc8 23. Bd6 {[%emt
0:03:16]} 23... Qa2+ {[%emt 0:13:47]} 24. Kc1 Bb3 25. Bc5 Bxc2 26. Kxc2 Rxb2+
27. Kd3 Rb3+ 28. Qc3 Rxc3+ 29. Kxc3 Rxc5+ 30. Kd4 Rd5+ 31. Ke3 31... Qb3+
{normal} 0-1

[Event "DEM U16 2023"]
[Site "Willingen GER"]
[Date "2023.05.28"]
[Round "1"]
[White "Hecht, Jonas Christian"]
[Black "Ohler, Julius"]
[Result "1/2-1/2"]
[Termination "normal"]
[Board "5"]
[WhiteElo "1949"]
[BlackElo "2220"]
[WhiteClock "00:42:59"]
[BlackClock "00:41:48"]
[PlyCount "51"]
[WhiteFideId "16214846"]
[BlackFideId "16238982"]
[EventCountry "GER"]
[EventRounds "9"]
[EventType "swiss"]
[EventDate "2023.05.27"]

1. e4 {[%emt 0:00:02]} 1... c6 {[%emt 0:00:05]} 2. Nf3 {[%emt 0:00:04]} 2... d5
{[%emt 0: 00:04]} 3. Nc3 {[%emt 0:00:03]} 3... Nf6 {[%emt 0:00:04]} 4. e5
{[%emt 0:08:01]} 4... Ne4 {[%emt 0:00:07]} 5. d3 {[%emt 0:05:32]} 5... Nxc3 6.
bxc3 6... c5 {[%emt 0:00:50]} 7. Be3 {[%emt 0:02:16]} 7... Qa5 {[%emt 0:05:09]}
8. Qd2 {[%emt 0:06:37]} 8... Nc6 {[%emt 0:02: 05]} 9. Be2 {[%emt 0:04:02]} 9...
e6 {[%emt 0:12:27]} 10. Bf4 {[%emt 0:10:40]} 10... h6 {[%emt 0:02:25]} 11. h3
{[%emt 0:07:50]} 11... b6 {[%emt 0:04:58]} 12. O-O {[%emt 0: 26:49]} 12... Ba6
{[%emt 0:00:07]} 13. a4 g5 14. Bg3 d4 15. c4 {[%emt 0:00:48]} 15... Qxd2 16.
Nxd2 16... Rb8 {[%emt 0:01:56]} 17. Ne4 {[%emt 0:07:28]} 17... Bg7 18. Nd6+ Ke7
19. Bh5 Rhf8 20. Rae1 Nxe5 21. Rxe5 Bxe5 22. Bxe5 f6 23. Bh2 Rbd8 24. Nb5 Bxb5
25. axb5 e5 26. Ra1 {normal} 1/2-1/2

[Event "DEM U16 2023"]
[Site "Willingen GER"]
[Date "2023.05.28"]
[Round "1"]
[White "Heinrich, John"]
[Black "Reichmann, Felix"]
[Result "1-0"]
[Termination "normal"]
[Board "6"]
[WhiteElo "2150"]
[BlackElo "1976"]
[WhiteClock "00:39:59"]
[BlackClock "00:55:57"]
[PlyCount "93"]
[WhiteFideId "16259491"]
[BlackFideId "16238290"]
[EventCountry "GER"]
[EventRounds "9"]
[EventType "swiss"]
[EventDate "2023.05.27"]

1. e4 {[%emt 0:00:02]} 1... c5 {[%emt 0:00:11]} 2. Nf3 {[%emt 0:00:10]} 2...
Nc6 {[%emt 0:03:50]} 3. d4 cxd4 4. Nxd4 4... g6 {[%emt 0:00:55]} 5. c4 {[%emt
0:00:47]} 5... Bg7 {[%emt 0:01:37]} 6. Be3 6... Qa5+ {[%emt 0:03:55]} 7. Nc3
{[%emt 0:02:43]} 7... d6 {[%emt 0:04:21]} 8. Be2 {[%emt 0:03:54]} 8... Nxd4
{[%emt 0:03:50]} 9. Bxd4 {[%emt 0: 01:17]} 9... Bxd4 {[%emt 0:00:51]} 10. Qxd4
Nf6 11. O-O {[%emt 0:02:13]} 11... O-O {[%emt 0:00:48]} 12. Rfe1 {[%emt
0:08:04]} 12... Be6 {[%emt 0:03:07]} 13. Nd5 {[%emt 0:02:50]} 13... Bxd5 {[%emt
0:03:44]} 14. exd5 {[%emt 0:06:24]} 14... Rfe8 15. Bf1 {[%emt 0:03:33]} 15...
a6 {[%emt 0:06:42]} 16. Re3 {[%emt 0:31:52]} 16... Qc5 17. Qd2 {[%emt 0:03:11]}
17... Rac8 18. Rae1 Rc7 19. Rf3 Rf8 20. b4 Qb6 21. a3 Ng4 22. Rh3 f5 23. Re6
Rf6 24. c5 Qa7 25. cxd6 exd6 26. Qe2 Rxe6 27. Qxe6+ Kg7 28. Rf3 Qb6 29. h3 Nf6
30. g4 Ne4 31. Qe8 Rf7 32. gxf5 gxf5 33. Qc8 f4 34. Qg4+ Kf8 35. Rxf4 Nf6 36.
Qe6 Kg7 37. Bg2 Qc7 38. Qf5 h6 39. Rf3 Qc1+ 40. Kh2 h5 41. Qe6 Qc7 42. Qe3 Qd8
43. Qg5+ Kf8 44. Kh1 Ke7 45. Qg6 Qf8 46. Rc3 Ne8 47. Qe6+ 1-0

[Event "DEM U16 2023"]
[Site "Willingen GER"]
[Date "2023.05.28"]
[Round "1"]
[White "Demchenko, Yaroslav"]
[Black "Honisch, Alexander"]
[Result "0-1"]
[Termination "normal"]
[Board "7"]
[WhiteElo "1814"]
[BlackElo "2057"]
[WhiteClock "00:51:34"]
[BlackClock "00:33:07"]
[PlyCount "104"]
[WhiteFideId "14186667"]
[BlackFideId "16298594"]
[EventCountry "GER"]
[EventRounds "9"]
[EventType "swiss"]
[EventDate "2023.05.27"]

1. e4 {[%emt 0:00:02]} 1... e5 {[%emt 0:00:23]} 2. Nf3 {[%emt 0:00:12]} 2...
Nc6 {[%emt 0:00:32]} 3. Bc4 {[%emt 0:00:18]} 3... Bc5 {[%emt 0:02:47]} 4. c3
Nf6 5. d4 5... exd4 {[%emt 0:00:03]} 6. e5 {[%emt 0:02:31]} 6... d5 7. Be2 7...
Ne4 {[%emt 0:00:32]} 8. cxd4 {[%emt 0:00:10]} 8... Bb6 {[%emt 0:01:17]} 9. O-O
{[%emt 0:01:19]} 9... O-O {[%emt 0:00:53]} 10. Nc3 {[%emt 0:00:19]} 10... Be6
{[%emt 0:09:46]} 11. Be3 Nxc3 12. bxc3 f6 13. exf6 {[%emt 0:02:08]} 13... Qxf6
{[%emt 0:02:15]} 14. a4 {[%emt 0:15:40]} 14... Rae8 {[%emt 0:12:48]} 15. Bb5
{[%emt 0:38:39]} 15... Bg4 {[%emt 0:15:22]} 16. Bxc6 bxc6 17. a5 Qg6 18. Nh4
Qh5 19. Qa4 Qxh4 20. axb6 Be2 21. Qxc6 Bxf1 22. Qxd5+ Kh8 23. g3 Qf6 24. bxa7
Ba6 25. Rb1 Bd3 26. Ra1 Ba6 27. Rb1 c6 28. Qc5 Bd3 29. Ra1 Rxe3 30. Qxf8+ Qxf8
31. a8=Q Re8 32. Qxc6 Re2 33. f3 Re8 34. Qb7 Rd8 35. Qc7 Rc8 36. Qb7 h6 37. Re1
Rb8 38. Qc7 Rc8 39. Qd7 Bg6 40. Re3 Rb8 41. Qe6 Re8 42. Qxg6 Rxe3 43. f4 Rxc3
44. Kg2 Qa8+ 45. Kh3 Qc8+ 46. f5 Rc6 47. Qh5 Rf6 48. g4 Qc3+ 49. Kh4 Qxd4 50.
Qe8+ Kh7 51. Kh5 Qf4 52. h4 Rxf5+ 0-1

[Event "DEM U16 2023"]
[Site "Willingen GER"]
[Date "2023.05.28"]
[Round "1"]
[White "Sidletskyi, Ivan"]
[Black "Bock, Marlon"]
[Result "1-0"]
[Termination "normal"]
[Board "8"]
[WhiteTitle "CM"]
[WhiteElo "2152"]
[BlackElo "1954"]
[WhiteClock "00:44:21"]
[BlackClock "00:39:45"]
[PlyCount "83"]
[WhiteFideId "14156024"]
[BlackFideId "16244931"]
[EventCountry "GER"]
[EventRounds "9"]
[EventType "swiss"]
[EventDate "2023.05.27"]

1. e4 {[%emt 0:01:17]} 1... c5 {[%emt 0:00:04]} 2. Nf3 {[%emt 0:02:53]} 2...
Nc6 3. Bb5 e6 4. O-O 4... Nge7 {[%emt 0:00:02]} 5. d4 {[%emt 0:00: 12]} 5...
cxd4 {[%emt 0:03:11]} 6. Nxd4 {[%emt 0:00:07]} 6... Qb6 {[%emt 0:04:04]} 7.
Nxc6 {[%emt 0:00:12]} 7... bxc6 {[%emt 0:03:28]} 8. Bd3 {[%emt 0:05:35]} 8...
Ng6 9. c4 {[%emt 0:00:02]} 9... Be7 {[%emt 0:01:59]} 10. Nc3 {[%emt 0:02:22]}
10... O-O {[%emt 0:03: 20]} 11. Rb1 {[%emt 0:02:25]} 11... c5 {[%emt 0:11:25]}
12. f4 {[%emt 0:08:20]} 12... Bb7 {[%emt 0:09:04]} 13. Be3 {[%emt 0:11:46]}
13... Qc6 {[%emt 0:28:21]} 14. Qh5 Nh4 15. g3 {[%emt 0:00:55]} 15... Nf5 {[%emt
0:02:32]} 16. Nd5 {[%emt 0:13:30]} 16... Bd8 17. g4 Nxe3 18. Nxe3 Bf6 19. Nc2
Rad8 20. g5 g6 21. Qh4 Bh8 22. Rf3 f5 23. gxf6 Bxf6 24. Qg3 Bg7 25. Rbf1 d5 26.
exd5 exd5 27. f5 d4 28. Ne1 Rde8 29. Ng2 Rf7 30. Nf4 Re3 31. Nd5 Rxf3 32. Rxf3
gxf5 33. Bxf5 Qe8 34. Qh3 Bxd5 35. cxd5 Kf8 36. Kf1 Qb5+ 37. Kg1 Qe2 38. Qh4
Rf6 39. Qg3 Qe8 40. d6 Rf7 41. d7 Qd8 42. Qd6+ 1-0

[Event "DEM U16 2023"]
[Site "Willingen GER"]
[Date "2023.05.28"]
[Round "1"]
[White "Englert, Luca"]
[Black "Maul, Maik"]
[Result "1-0"]
[Termination "normal"]
[Board "10"]
[WhiteElo "2109"]
[BlackElo "1803"]
[PlyCount "63"]
[WhiteFideId "16293088"]
[BlackFideId "16204816"]
[EventCountry "GER"]
[EventRounds "9"]
[EventType "swiss"]
[EventDate "2023.05.27"]

1. e4 c5 2. Nf3 e6 3. d4 cxd4 4. Nxd4 Nc6 5. Nc3 Qc7 6. Be3 a6 7. Qd2 Nf6 8. f3
Bb4 9. O-O-O d5 10. a3 Bxc3 11. Qxc3 dxe4 12. Nxc6 Qxc6 13. Qxc6+ bxc6 14. Bc5
Bb7 15. Be2 Rd8 16. Bb6 Rd7 17. Bd4 exf3 18. Bxf3 Ke7 19. g4 Rhd8 20. c3 Kf8
21. Rhf1 Nd5 22. Rf2 f6 23. g5 f5 24. Rfd2 Kf7 25. Bc5 Bc8 26. c4 Ne7 27. Bxe7
Kxe7 28. Bxc6 Rxd2 29. Rxd2 Rxd2 30. Kxd2 Kf7 31. h4 Kg6 32. Be8# 1-0

[Event "DEM U16 2023"]
[Site "Willingen GER"]
[Date "2023.05.28"]
[Round "1"]
[White "Bier, Bela"]
[Black "Metzdorf, Matteo"]
[Result "1-0"]
[Termination "normal"]
[Board "11"]
[WhiteElo "1987"]
[BlackElo "2099"]
[WhiteClock "01:20:44"]
[BlackClock "00:41:42"]
[PlyCount "133"]
[WhiteFideId "34610960"]
[BlackFideId "16209869"]
[EventCountry "GER"]
[EventRounds "9"]
[EventType "swiss"]
[EventDate "2023.05.27"]

1. d4 {[%emt 0:00:03]} 1... Nf6 2. c4 e6 3. Nf3 d5 4. g3 Be7 5. Bg2 O-O 6. O-O
dxc4 7. Qa4 a6 8. Qxc4 b5 9. Qc2 Bb7 10. Bg5 Nbd7 11. Bxf6 Nxf6 12. Nbd2 Rc8
13. Nb3 Be4 14. Qc3 c6 15. Rfc1 15... Nd5 {[%emt 0:00:17]} 16. Qd2 16... Nb6
{[%emt 0:10:18]} 17. e3 Qd5 18. Ne1 Bxg2 19. Nxg2 Nc4 20. Qe2 e5 21. e4 Qe6 22.
Rd1 Rfd8 23. Rac1 a5 24. d5 cxd5 25. exd5 Qb6 26. Ne3 Nxe3 27. Qxe3 Qxe3 28.
fxe3 Rxc1 29. Nxc1 Bc5 30. Kf2 e4 31. Ne2 b4 32. g4 g6 33. Ng3 Re8 34. Rc1 Bd6
35. Rc4 f5 36. gxf5 gxf5 37. Rc6 Be5 38. b3 Rd8 39. Rc5 Ra8 40. Kg2 Bxg3 41.
Kxg3 a4 42. Rb5 axb3 43. axb3 Ra2 44. Rxb4 Rd2 45. Rb5 Kf7 46. Kf4 Rf2+ 47. Ke5
f4 48. Rb7+ Kf8 49. Kxe4 fxe3 50. Kxe3 Rxh2 51. Ke4 h5 52. Ke5 Re2+ 53. Kd6 h4
54. Rh7 Rb2 55. Rxh4 Rxb3 56. Re4 Kf7 57. Kd7 Rb7+ 58. Kc6 Rb1 59. d6 Rc1+ 60.
Kd7 Kf6 61. Kd8 Rd1 62. d7 Rd2 63. Ke8 Kf5 64. Re1 Rh2 65. d8=Q Rh8+ 66. Kd7
Rxd8+ 67. Kxd8 1-0

[Event "DEM U16 2023"]
[Site "Willingen GER"]
[Date "2023.05.28"]
[Round "1"]
[White "Fuhrmann, Bahne"]
[Black "Fathke, Luke"]
[Result "1-0"]
[Termination "normal"]
[Board "12"]
[WhiteElo "2066"]
[BlackElo "1637"]
[WhiteClock "01:11:37"]
[BlackClock "00:58:45"]
[PlyCount "100"]
[WhiteFideId "16244842"]
[BlackFideId "16230230"]
[EventCountry "GER"]
[EventRounds "9"]
[EventType "swiss"]
[EventDate "2023.05.27"]

1. e4 {[%emt 11:28:46]} 1... c6 2. Nf3 d5 3. d3 dxe4 4. dxe4 Qxd1+ 5. Kxd1 Nf6
6. Nbd2 Nbd7 7. Ne1 Ng4 8. Nd3 Nde5 9. Ke2 e6 10. Nxe5 Nxe5 11. f4 Ng6 12. Nc4
b6 13. Be3 Bb7 14. h4 h5 15. f5 Ba6 16. Ke1 Bxc4 17. Bxc4 Ne5 18. Bb3 Ng4 19.
Bd4 e5 20. Bc3 Bc5 21. Ke2 Ke7 22. a3 f6 23. Bb4 Bd6 24. Rhd1 Rhd8 25. Bxd6+
Rxd6 26. Rxd6 Kxd6 27. Rd1+ Ke7 28. Be6 Rd8 29. Rxd8 Kxd8 30. Bf7 Nh6 31. Bxh5
Ng8 32. g4 Ne7 33. g5 Nc8 34. Kd3 Nd6 35. Bg6 Ke7 36. Bh5 Kf8 37. b3 Ke7 38.
Ke3 Kf8 39. Bg6 Ke7 40. Bh7 Kf8 41. Bg6 Kg8 42. Bh5 Kf8 43. Be2 Ke7 44. g6 Kf8
45. h5 Ke7 46. Ba6 Kf8 47. Kd3 Ke7 48. Bc4 Kf8 49. Be6 Ke7 50. h6 gxh6 1-0

[Event "DEM U16 2023"]
[Site "Willingen GER"]
[Date "2023.05.28"]
[Round "1"]
[White "Pfeffer, Samuel"]
[Black "Möller, Maurin"]
[Result "0-1"]
[Termination "normal"]
[Board "13"]
[WhiteElo "1504"]
[BlackElo "2140"]
[PlyCount "58"]
[WhiteFideId "16249160"]
[BlackFideId "16265696"]
[EventCountry "GER"]
[EventRounds "9"]
[EventType "swiss"]
[EventDate "2023.05.27"]

1. d4 d5 2. c4 e6 3. Nc3 Nf6 4. Bg5 Nbd7 5. cxd5 exd5 6. e3 c6 7. Bd3 Bd6 8.
Nge2 O-O 9. Qc2 h6 10. Bf4 Qe7 11. Bxd6 Qxd6 12. Ng3 Re8 13. Nf5 Qe6 14. Ne2
Ne4 15. g4 c5 16. Nf4 Qc6 17. Bxe4 dxe4 18. d5 Qb6 19. O-O-O Nf6 20. Qc3 Bxf5
21. gxf5 Qd6 22. Rhg1 Re5 23. f3 exf3 24. e4 f2 25. Rg2 Nxe4 26. Qh3 Rae8 27.
Qg4 Qf6 28. h4 Rxf5 29. Nh5 Rxh5 0-1

[Event "DEM U16 2023"]
[Site "Willingen GER"]
[Date "2023.05.28"]
[Round "1"]
[White "Lebzak, Jaroslav"]
[Black "Oldenburg, Max Leonard"]
[Result "1-0"]
[Termination "normal"]
[Board "14"]
[WhiteElo "2138"]
[BlackElo "1825"]
[WhiteClock "00:58:52"]
[BlackClock "00:23:12"]
[PlyCount "45"]
[WhiteFideId "44105851"]
[BlackFideId "34660348"]
[EventCountry "GER"]
[EventRounds "9"]
[EventType "swiss"]
[EventDate "2023.05.27"]

1. e4 {[%emt 0:11:13]} 1... c6 2. d4 d5 3. f3 dxe4 4. fxe4 e5 5. Nf3 Bg4 6. c3
Nd7 7. Bd3 Ngf6 8. O-O Qb6 9. Nbd2 exd4 10. Nc4 Qc5 11. cxd4 Bxf3 12. Rxf3
12... Qh5 {[%emt 0:00:03]} 13. Bf4 g5 14. Bg3 g4 15. Rf5 Qg6 16. Qb3 b5 17. Ne5
Nxe5 18. Rxe5+ Be7 19. Rxe7+ Kxe7 20. e5 Ne4 21. Qc2 Rac8 22. Bxe4 Qg5 23. Qf2
{normal} 1-0

[Event "DEM U16 2023"]
[Site "Willingen GER"]
[Date "2023.05.28"]
[Round "1"]
[White "Schulz, Bruno Andreas"]
[Black "Guo, Philipp Ziming"]
[Result "0-1"]
[Termination "normal"]
[Board "15"]
[WhiteElo "1796"]
[BlackElo "1941"]
[WhiteClock "00:39:50"]
[BlackClock "00:41:34"]
[PlyCount "44"]
[WhiteFideId "34618473"]
[BlackFideId "16245199"]
[EventCountry "GER"]
[EventRounds "9"]
[EventType "swiss"]
[EventDate "2023.05.27"]

1. d4 {[%emt 11:29:27]} 1... Nf6 {[%emt 0:00:06]} 2. c4 {[%emt 0:00:03]} 2...
e6 {[%emt 0:00: 05]} 3. Nc3 {[%emt 0:00:06]} 3... Bb4 {[%emt 0:00:06]} 4. Nf3
{[%emt 0:00:11]} 4... b6 {[%emt 0:01:57]} 5. Bg5 {[%emt 0:01:16]} 5... h6
{[%emt 0:01:15]} 6. Bh4 {[%emt 0:00: 08]} 6... g5 {[%emt 0:00:38]} 7. Bg3
{[%emt 0:00:07]} 7... Ne4 {[%emt 0:01:33]} 8. Rc1 {[%emt 0:04:42]} 8... Bb7
{[%emt 0:03:29]} 9. Nd2 {[%emt 0:04:30]} 9... Bxc3 {[%emt 0:00: 50]} 10. bxc3
{[%emt 0:00:09]} 10... Nxd2 {[%emt 0:20:43]} 11. Qxd2 {[%emt 0:00:33]} 11... d6
{[%emt 0:02:52]} 12. f3 {[%emt 0:03:37]} 12... f5 {[%emt 0:01:10]} 13. e3
{[%emt 0:02:42]} 13... Nd7 {[%emt 0:00:58]} 14. Bd3 {[%emt 0:02:02]} 14... Nf6
{[%emt 0:00: 35]} 15. Qe2 {[%emt 0:03:06]} 15... Nh5 {[%emt 0:04:30]} 16. Bf2
{[%emt 0:03:55]} 16... Qe7 {[%emt 0:01:18]} 17. Kd2 {[%emt 0:04:37]} 17...
O-O-O {[%emt 0:02:10]} 18. Kc2 {[%emt 0:09:31]} 18... Rhf8 {[%emt 0:03:17]} 19.
Rhf1 {[%emt 0:08:18]} 19... Kb8 {[%emt 0: 01:40]} 20. Rcd1 20... e5 {[%emt
0:07:01]} 21. Rde1 21... e4 {[%emt 0:11:16]} 22. fxe4 22... fxe4 {[%emt
0:04:16]} 0-1

[Event "DEM U16 2023"]
[Site "Willingen GER"]
[Date "2023.05.28"]
[Round "2"]
[White "Möller, Maurin"]
[Black "von Mettenheim, Johannes"]
[Result "0-1"]
[Termination "normal"]
[Board "1"]
[WhiteElo "2140"]
[BlackElo "2329"]
[PlyCount "114"]
[WhiteFideId "16265696"]
[BlackFideId "16244818"]
[EventCountry "GER"]
[EventRounds "9"]
[EventType "swiss"]
[EventDate "2023.05.27"]

{normal} 1. e4 c6 2. d4 d5 3. exd5 cxd5 4. c4 Nf6 5. Nc3 Nc6 6. Nf3 Be6 7. c5
g6 8. Be3 Bg7 9. Be2 O-O 10. O-O Ne4 11. Rc1 Nxc5 12. Nxd5 Bxd5 13. Rxc5 e6 14.
Qa4 Qd6 15. Rd1 Rfd8 16. Nd2 Rac8 17. Nc4 Qe7 18. Na5 Nxa5 19. Rxa5 a6 20. Rc1
Rxc1+ 21. Bxc1 Bc6 22. Qc2 Rxd4 23. a3 Qd8 24. Rc5 Bf8 25. Rc3 Qd5 26. Bf3 Qe5
27. Re3 Qd6 28. Be2 Qd5 29. Bf3 Qf5 30. Rc3 Bxf3 31. gxf3 Qxc2 32. Rxc2 Rd7 33.
Rc8 Kg7 34. Be3 Be7 35. Rc4 f6 36. Kf1 g5 37. h3 e5 38. a4 Kg6 39. Rc8 h5 40.
Rh8 h4 41. Rc8 Kf5 42. b3 Bd6 43. Bb6 Bb4 44. Rb8 e4 45. fxe4+ Kxe4 46. Kg2 Bc3
47. Rc8 Bd4 48. Bd8 Rd5 49. f3+ Kd3 50. f4 Rf5 51. Bc7 gxf4 52. Kf3 Rc5 53. b4
Rc3 54. b5 axb5 55. axb5 Kc2+ 56. Kxf4 Be5+ 57. Bxe5 fxe5+ 0-1